Erik Nielsen Whitehorse Int. Destinations (Whitehorse, Canada) - Statistics

General Stats
  • This quiz has been taken 38 times
    15 since last reset
  • The average score is 7 of 9
Answer Stats
Airline Destination % Correct
Air Canada/Air Canada Express/Air North Vancouver
100%
Air North/WestJet Calgary
92%
Air North Edmonton
92%
Air North Toronto (Pearson)
92%
Air North Yellowknife
92%
Air North Ottawa
62%
Air North Victoria
62%
Air North Dawson City
46%
Air North Inuvik
38%
No matching quizzes found
Score Distribution
Percent of People with Each Score
Percentile by Number Answered
Your Score History
You have not taken this quiz since the last reset